Normal view
MARC view
- Kaska, William.C Starzewski, K. Alexander Ostoja Dixon, David.A
Entry Personal Name
001 - CONTROL NUMBER
- control field: 77389
003 - CONTROL NUMBER IDENTIFIER
- control field: NUST
005 - DATE AND TIME OF LATEST TRANSACTION
- control field: 20210628205901.0
008 - FIXED-LENGTH DATA ELEMENTS
- fixed length control field: 210628|| aca||aabn | a|a d
040 ## - CATALOGING SOURCE
- Original cataloging agency: NUST
- Transcribing agency: NUST
100 ## - HEADING--PERSONAL NAME
- Personal name: Kaska, William.C Starzewski, K. Alexander Ostoja Dixon, David.A
670 ## - SOURCE DATA FOUND
- Source citation: Work cat.: (NUST): Kaska, William.C Starzewski, K. Alexander Ostoja Dixon, David.A, Ylides and imines of phosphorus, 1993
